Sports Quiz

Random Sports or Soccer Quiz

2014/15 English Football Clubs Quiz Stats

 Plays Quiz not verified by Sporcle

Also try: Pro Teams (1960s)
Challenge
Share
Tweet
Embed
Score 0/159 Timer 18:00
0 Plays Today
Hint Answer % Correct
Premier LeagueArsenal
98.8%
Premier LeagueAston Villa
98.4%
Premier LeagueChelsea
98.4%
Premier LeagueEverton
97.7%
Premier LeagueManchester United
97.7%
Premier LeagueLiverpool
97.5%
Premier LeagueManchester City
97.5%
Premier LeagueNewcastle United
97.3%
Premier LeagueWest Ham
97.3%
Premier LeagueBurnley
96.9%
Premier LeagueHull City
96.5%
Premier LeagueLeicester City
96.5%
Premier LeagueSunderland
96.5%
Premier LeagueTottenham Hotspur
96.5%
Premier LeagueQPR
96.3%
Premier LeagueWBA
96.1%
Premier LeagueSouthampton
95.7%
Premier LeagueSwansea City
95.7%
Premier LeagueStoke City
95.5%
Premier LeagueCrystal Palace
94.7%
ChampionshipNottingham Forest
94.7%
ChampionshipWatford
93.2%
ChampionshipCardiff City
92.8%
ChampionshipWolverhampton Wanderers
92.8%
ChampionshipFulham
92.6%
ChampionshipIpswich Town
92%
ChampionshipNorwich City
92%
ChampionshipBirmingham City
92%
ChampionshipBlackburn Rovers
91.8%
ChampionshipBolton Wanderers
91.8%
ChampionshipDerby County
91.8%
ChampionshipSheffield Wednesday
91.8%
ChampionshipLeeds United
91.6%
League 1Yeovil Town
91.6%
ChampionshipBlackpool
91.4%
League 1Sheffield United
90.6%
ChampionshipAFC Bournemouth
90.6%
ChampionshipWigan
90.1%
League 1Barnsley
89.7%
League 1Bradford City
89.7%
ChampionshipCharlton Athletic
89.5%
League 1Milton Keynes Dons
89.3%
League 2Wimbledon
89.3%
ChampionshipMiddlesbrough
88.9%
Conference PremierBristol Rovers
88.9%
League 1Bristol City
88.5%
ChampionshipBrighton and Hove Albion
88.3%
ChampionshipReading
88.1%
League 2Portsmouth
88.1%
League 2Cambridge United
87.7%
ChampionshipMillwall
87.5%
League 1Oldham Athletic
87.5%
League 2Accrington & Stanley
86.9%
Hint Answer % Correct
ChampionshipBrentford
86%
League 2Luton Town
86%
League 2Oxford United
86%
League 2Plymouth Argyle
86%
ChampionshipHuddersfield Town
85.8%
League 1Preston North End
85.8%
League 2Exeter City
85.8%
Conference PremierChester
85.8%
League 1Coventry City
85.6%
League 1Doncaster Rovers
85.6%
League 1Notts County
85.4%
League 2York City
85.4%
League 1Gillingham
85%
League 1Colchester United
84.6%
League 2Northampton Town
84.6%
League 1Swindon Town
84.4%
League 2Dagenham & Redbridge
84.4%
League 1Peterborough United
84%
ChampionshipRotherham United
83.8%
League 2Hartlepool United
83.2%
League 1Chesterfield
82.8%
League 2Bury
82.3%
League 2Southend United
82.3%
League 2Tranmere Rovers
82.1%
Conference PremierBarnet
82.1%
League 2Carlisle United
81.9%
League 1Walsall
81.5%
League 1Port Vale
81.1%
Conference PremierGrimsby Town
80.9%
League 1Rochdale
80.7%
Conference PremierWrexham
80.7%
League 1Crawley Town
80.3%
League 2Wycombe Wanderers
80.3%
Conference PremierMacclesfield Town
80.1%
League 2Newport County
79.7%
League 2Mansfield Town
79.3%
League 1Crewe Alexandra
79.1%
League 1Leyton Orient
79.1%
League 1Fleetwood Town
78.9%
League 1Scunthorpe United
78.6%
League 2Burton Albion
77.8%
League 2Cheltenham Town
77.8%
Conference PremierLincoln City
77.2%
Conference PremierTorquay United
77.2%
League 2Morecambe
76.8%
Conference PremierAldershot Town
76.8%
Conference PremierDover Athletic
76%
League 2Shrewsbury Town
75.6%
League 2Stevenage
74.3%
Conference PremierGateshead
74.1%
Conference PremierKidderminster Harriers
73.9%
Conference PremierForest Green Rovers
71.9%
Conference NorthStockport County
70.2%
Hint Answer % Correct
Conference SouthBath City
70.2%
Conference PremierHalifax Town
69.8%
Conference PremierWoking
69.6%
Conference PremierSouthport
69.4%
Conference PremierAFC Telford United
68%
Conference PremierNuneaton Town
66.7%
Conference PremierAlfreton Town
66.3%
Conference PremierDartford
66.1%
Conference PremierAltrincham
65.7%
Conference PremierWelling United
65.1%
Conference NorthBoston United
64.9%
Conference PremierBraintree Town
64.7%
Conference PremierEastleigh
64.7%
Conference NorthGloucester City
61.6%
Conference NorthWorcester City
61%
Conference NorthOxford City
60.2%
Conference SouthEbbsfleet United
59.8%
Conference SouthChelmsford Town
58.3%
Conference SouthWeston-Super-Mare
58.3%
Conference SouthBasingstoke Town
58.1%
Conference SouthHavant & Waterlooville
58.1%
Conference SouthHayes & yeading
57.1%
Conference NorthSolihull Moors
55.6%
Conference NorthHarrogate Town
54.4%
Conference NorthHyde
54.2%
Conference SouthSutton United
54.2%
Conference NorthTamworth
53.8%
Conference SouthWhitehawk
53.8%
Conference SouthMaidenhead United
53.4%
Conference NorthBradford Park Avenue
53%
Conference SouthStaines Town
52.6%
Conference SouthEastbourne Borough
51.7%
Conference NorthBarrow
51.3%
Conference SouthBromley
50.5%
Conference NorthHednesford Town
49.7%
Conference SouthBishop's Stortford
49.7%
Conference SouthBoreham Wood
49.7%
Conference NorthAFC Fylde
48.3%
Conference NorthGainsborough Trinity
48%
Conference NorthLeamington
48%
Conference NorthBrackley Town
47.8%
Conference NorthGuiseley
46.8%
Conference NorthColwyn Bay
45.8%
Conference SouthConcord Rangers
45%
Conference SouthSaint Albans
45%
Conference SouthGosport Borough
44.6%
Conference NorthNorth Ferriby United
44.4%
Conference SouthFarnborough
43.7%
Conference NorthStalybridge Celtic
43.3%
Conference SouthWealdstone
42.9%
Conference SouthHemel Hempstead Town
42.5%
Conference NorthChorley
41.9%
Conference NorthLowestoft Town
38%

You're not logged in!

Compare scores with friends on all Sporcle quizzes.
Join for Free
OR
Log In

You Might Also Like...

Show Comments

Extras

Top Quizzes Today


Score Distribution

Your Account Isn't Verified!

In order to create a playlist on Sporcle, you need to verify the email address you used during registration. Go to your Sporcle Settings to finish the process.

Report this User

Report this user for behavior that violates our Community Guidelines.

Details: